| 000 | 02086nam0a2200349 4500 | ||
|---|---|---|---|
| 001 | RU\NLR\b_ik\101800 | ||
| 005 | 20250616225107.0 | ||
| 035 | _a(NLR Aleph) 002175681 | ||
| 090 |
_a2714293 _c2714293 |
||
| 100 | _a20031027d2002 |||y0rusy50 ca | ||
| 101 | 0 |
_aeng _drus |
|
| 102 | _aRU | ||
| 105 | _aa ||||||||| | ||
| 200 | 1 |
_aSpatial distribution of neutrons in paraffin moderator surrounding a lead target irradiated with protons at intermediate energies _f[J. Adam, M.Yu. Barabanov, V. Bradnova et al.] |
|
| 210 |
_aДубна _cОбъед. ин-т ядер. исслед. _d2002 |
||
| 215 |
_a12, [1] с. _cил. _d22 |
||
| 225 | 1 |
_aОбъединенный институт ядерных исследований, Дубна _vЕ1-2002-233 |
|
| 300 | _aНа 3-й с. обл.: Пространственное распределение нейтронов внутри парафинового замедлителя, окружающего свинцовую мишень, облучаемую протонами промежуточных энергий / Адам И. и др. | ||
| 300 | _aРез. на рус. яз. | ||
| 320 | _aБиблиогр. в конце кн. (19 назв.) | ||
| 517 | 0 | _aПространственное распределение нейтронов внутри парафинового замедлителя, окружающего свинцовую мишень, облучаемую протонами промежуточных энергий | |
| 606 | 0 |
_aНейтроны _xРаспределение в электроядерных установках _92292167 _3RU\NLR\AUTH\661372722 |
|
| 606 | 0 |
_aМишени ядерные свинцовые _91044727 _3RU\NLR\AUTH\6684856 |
|
| 606 | 0 |
_aЯдерные мишени свинцовые _92311280 _3RU\NLR\AUTH\661383257 |
|
| 686 | 4 | _aВ381 | |
| 701 | 1 |
_aAdam _bJ. _4070 |
|
| 701 | 1 |
_aBarabanov _bM. J. _gMichail Jur'evič _4070 |
|
| 701 | 1 |
_aBradnova _bV _4070 |
|
| 801 | 0 |
_aRU _bNLR _c20031027 _gPSBO |
|
| 942 | _cBOOK | ||
| 980 | _aNB | ||